Central Library OPAC University of Rajshahi

Basic measurement / (Record no. 6728)

MARC details
000 -LEADER
fixed length control field 00863nam a2200277 a 4500
001 - CONTROL NUMBER
control field 6728
003 - CONTROL NUMBER IDENTIFIER
rucl marc code BDjRUL
005 - DATE AND TIME OF LATEST TRANSACTION
control field 20211208234312.0
008 - FIXED-LENGTH DATA ELEMENTS--GENERAL INFORMATION
fixed length control field 140112s1994 enk 000 0 eng d
020 ## - INTERNATIONAL STANDARD BOOK NUMBER
International Standard Book Number 0803954301
035 ## - SYSTEM CONTROL NUMBER
System control number (BD-RjUL)6769
040 ## - CATALOGING SOURCE
Original cataloging agency BD-RjUL
Language of cataloging eng
Transcribing agency BD-RjUL
041 ## - LANGUAGE CODE
Language code of text/sound track or separate title eng
082 ## - DEWEY DECIMAL CLASSIFICATION NUMBER
Classification number 330.072
Author mark and year BAS
245 00 - TITLE STATEMENT
Title Basic measurement /
Statement of responsibility, etc. Michael S. Lewis-Beck, editor
260 ## - PUBLICATION, DISTRIBUTION, ETC. (IMPRINT)
Place of publication, distribution, etc. London :
Name of publisher, distributor, etc. Sage Publications,
Date of publication, distribution, etc. c1994.
300 ## - PHYSICAL DESCRIPTION
Pagination x, 398 p. ;
Size 22 cm
504 ## - BIBLIOGRAPHY, ETC. NOTE
Bibliography, etc Includes bibliographical references and index
650 #0 - SUBJECT ADDED ENTRY--TOPICAL TERM
Topical term or geographic name as entry element Statistics
9 (RLIN) 21158
Topical term or geographic name as entry element Social sciences
9 (RLIN) 21159
Topical term or geographic name as entry element Social sciences
General subdivision Statistical methods
9 (RLIN) 904
700 1# - ADDED ENTRY--PERSONAL NAME
Personal name Lewis-Beck, Michael S.
830 #0 - SERIES ADDED ENTRY--UNIFORM TITLE
Volume number/sequential designation v. 4
830 #0 - SERIES ADDED ENTRY--UNIFORM TITLE
Uniform title International handbooks of quantitative applications for the social sciences ;
942 ## - ADDED ENTRY ELEMENTS (KOHA)
Source of classification or shelving scheme Dewey Decimal Classification
Koha item type Books
Holdings
Lost status Source of classification or shelving scheme Materials specified (bound volume or other part) Damaged status Not for loan Collection code Permanent Location Current Location Shelving location Date acquired Source of acquisition Cost, normal purchase price Total Checkouts Full call number Date last seen Copy number Koha item type
  Dewey Decimal Classification V-4     Non-fiction Central Library, University of Rajshahi Central Library, University of Rajshahi   07/08/1997 Ahasnia Mission Dhaka 750.00   330.072 BAS 1994 12/01/2014 C-1 Books